000 00212 a2200097 4500
001 42023
100 _aSheikh Mubarik Ali
245 _aMoaashiat
260 _a
_bKefait Academy Karachi
_c
090 _c26064
_d26064
942 _aNUST-CAE
_cM
_c17852
999 _c277096
_d277096